Sawalan ji chhabi (Record no. 1435147)

MARC details
000 -LEADER
fixed length control field 00614nam a22002057a 4500
005 - DATE AND TIME OF LATEST TRANSACTION
control field 20250903155000.0
008 - FIXED-LENGTH DATA ELEMENTS--GENERAL INFORMATION
fixed length control field 250903b |||||||| |||| 00| 0 eng d
037 ## - SOURCE OF ACQUISITION
Terms of availability 978-93-83337-47-7 (pbk)
040 ## - CATALOGING SOURCE
Original cataloging agency CRL
Transcribing agency CRL
041 ## - LANGUAGE CODE
Source of code SIN
Language code of text/sound track or separate title SIN
084 ## - COLON CLASSIFICATION NUMBER
Classification number z 1593R2
Item number CRL
100 ## - MAIN ENTRY--PERSONAL NAME
Personal name Sadarangani, Bhavishya
9 (RLIN) 819989
245 ## - TITLE STATEMENT
Title Sawalan ji chhabi
260 ## - PUBLICATION, DISTRIBUTION, ETC.
Place of publication, distribution, etc. Ajmer, India:
Name of publisher, distributor, etc. Shabd saadhna,
Date of publication, distribution, etc. 2022.
300 ## - PHYSICAL DESCRIPTION
Extent 75p.
365 ## - TRADE PRICE
Price amount 350.00
Currency code INR
650 ## - SUBJECT ADDED ENTRY--TOPICAL TERM
Topical term or geographic name entry element Generalia
942 ## - ADDED ENTRY ELEMENTS (KOHA)
Source of classification or shelving scheme Colon Classification (CC)
Koha item type Textbook
Classification part z 1593R2
Suppress in OPAC No
Holdings
Withdrawn status Lost status Source of classification or shelving scheme Damaged status Not for loan Home library Current library Date acquired Source of acquisition Cost, normal purchase price Inventory number Total Checkouts Full call number Barcode Date last seen Price effective from Koha item type
    Colon Classification (CC)     Central Library Central Library 2025-09-03 NCPSL 350.00 Gift   z 1593R2 CL1700015 2025-09-03 2025-09-03 Textbook
Copyright @ Delhi University Library System